| 000 | 00798nam a2200253 a 4500 | ||
|---|---|---|---|
| 001 | 000004230 | ||
| 005 | 20200929151420.0 | ||
| 008 | 750523s1966 sp a 001 0 spa | ||
| 040 |
_aDO-SdBNP _bspa _cBNPHU |
||
| 082 |
_a799.14 _bI93s, 1966 |
||
| 100 | 1 |
_aIvanovic, Ivan S. _912496 |
|
| 240 | 1 | 0 |
_aModern spearfishing. _lEspañol |
| 245 | 1 | 4 |
_aLos secretos de la pesca submarina / _cVane Ivanovic; traducción, Antonio Ribera Jorda. |
| 250 | _a2a ed. | ||
| 260 |
_aBarcelona : _bHispano Europea :, _c1966. |
||
| 300 |
_a207 p. : _bil. ; _c20 cm. |
||
| 490 | 1 | _aPesca | |
| 504 | _aIncluye índice | ||
| 534 |
_aTítulo original: _tModern spearfishing |
||
| 650 | 4 |
_aPesca _912497 |
|
| 650 | 4 |
_aPesca exploratoria _912498 |
|
| 700 | 1 |
_aRibera Jorda, Antonio _etr. _912499 |
|
| 830 | 0 |
_aPesca _912500 |
|
| 999 |
_c4044 _d4044 |
||